[Event "FIDE World Uni Blitz-A 1st"]
[Site "Tornelo INT"]
[Date "2021.03.13"]
[Round "5.79"]
[White "Reau, Florine"]
[Black "Balewa, Jimmy Carlos"]
[Result "0-1"]
[WhiteElo "1738"]
[BlackElo "1595"]
[PlyCount "84"]
[EventDate "2021.03.13"]
[EventType "swiss (blitz)"]
[EventRounds "10"]
[EventCountry "NET"]
[SourceTitle "EXT 2022"]
[Source "ChessBase"]
[SourceDate "2021.10.06"]
[SourceVersion "1"]
[SourceVersionDate "2021.10.06"]
[SourceQuality "1"]

1. e4 d5 2. exd5 Qxd5 3. Nc3 Qa5 4. Nf3 Nf6 5. Bc4 c6 6. 0-0 Bg4 7. h3 Bh5 8. d4 e6 9. Qd3 Be7 10. Ne5 Nbd7 11. Nxd7 Nxd7 12. Be3 0-0 13. Qd2 b5 14. Be2 Bg6 15. Bd3 Qc7 16. Ne4 a5 17. Ng3 Rfd8 18. Bf4 Bd6 19. Bxd6 Qxd6 20. Bxg6 hxg6 21. Qe3 Nf6 22. c3 Rac8 23. Ne4 Qd5 24. Nxf6+ gxf6 25. Qf4 Kg7 26. a3 c5 27. dxc5 Qxc5 28. Rfd1 Rxd1+ 29. Rxd1 e5 30. Qf3 Qc4 31. Qb7 Rc7 32. Qf3 Qb3 33. Qe2 b4 34. cxb4 axb4 35. Rd3 Qc4 36. axb4 Qxb4 37. Rf3 Rb7 38. b3 Qa3 39. Qd1 Rc7 40. Qd5 Rc5 41. Qd6 Rc1+ 42. Kh2 Qxd6 0-1

[Event "FRA-ch U18 Girls"]
[Site "Saint Paul Trois Chateaux"]
[Date "2013.05.04"]
[Round "7"]
[White "Fischer, Julie"]
[Black "Reau, Florine"]
[Result "1-0"]
[WhiteElo "1895"]
[BlackElo "1538"]
[PlyCount "89"]
[EventDate "2013.04.28"]
[EventType "swiss"]
[EventRounds "9"]
[EventCountry "FRA"]
[SourceTitle "CBM 154 Extra"]
[Source "ChessBase"]
[SourceDate "2013.06.25"]
[SourceVersion "2"]
[SourceVersionDate "2013.06.25"]
[SourceQuality "1"]

1. e4 e6 2. d3 d5 3. Nd2 c5 4. Ngf3 Nc6 5. g3 g6 6. Bg2 Bg7 7. 0-0 Nge7 8. Re1 h6 9. e5 g5 10. Nb3 b6 11. c3 a5 12. a4 Qc7 13. d4 cxd4 14. cxd4 Nb4 15. Bd2 Nec6 16. Re3 Ba6 17. Ne1 Bc4 18. Bxb4 Nxb4 19. Rc3 Bxb3 20. Qxb3 Qd7 21. Rac1 0-0 22. Rc7 Qd8 23. Bf1 Qb8 24. Bb5 Ra7 25. Rxa7 Qxa7 26. Nd3 Na6 27. Rc6 Nc7 28. Ne1 Nxb5 29. Qxb5 Rb8 30. Nc2 Bf8 31. Ne3 Kg7 32. f4 gxf4 33. gxf4 Be7 34. f5 Bg5 35. f6+ Kh8 36. Ng2 Rg8 37. Kh1 Rb8 38. h4 Bd2 39. Qd3 Bb4 40. Qg3 Bf8 41. Nf4 Qd7 42. Rc2 h5 43. Qg5 Kh7 44. Qxh5+ Bh6 45. Rg2 1-0

[Event "FRA-ch U14 Girls"]
[Site "Aix les Bains"]
[Date "2009.04.19"]
[Round "1"]
[White "Costa, Elodie"]
[Black "Reau, Florine"]
[Result "1-0"]
[WhiteElo "1727"]
[BlackElo "1420"]
[PlyCount "39"]
[EventDate "2009.04.19"]
[EventType "swiss"]
[EventRounds "9"]
[EventCountry "FRA"]
[SourceTitle "CBM 130 Extra"]
[Source "ChessBase"]
[SourceDate "2009.07.02"]
[SourceVersion "2"]
[SourceVersionDate "2009.07.15"]
[SourceQuality "1"]

1. e4 e5 2. Nf3 Nc6 3. Nc3 Nf6 4. d4 Bb4 5. d5 Nxe4 6. dxc6 Nxc3 7. bxc3 Bxc3+ 8. Bd2 Bxa1 9. Qxa1 d6 10. Bb5 0-0 11. 0-0 Qf6 12. Qc3 Qg6 13. Re1 Bh3 14. Nh4 Qh5 15. Qxh3 g5 16. Nf5 Qxh3 17. gxh3 f6 18. cxb7 Rab8 19. Ba6 Kf7 20. Ba5 1-0